000 00813nam a2200229 i 4500
001 bg
100 1 _aERECIŃSKI, Tadeusz
_d(1946- ).
245 0 0 _aKomentarz do kodeksu postępowania cywilnego.
_nCz. 1.
_nT. 1,
_pPostępowanie rozpoznawcze /
_cTadeusz Ereciński, Jacek Gudowski, Maria Jędrzejewska ; pod red. T. Erecińskiego.
250 _aStan prawny na dzień 1 marca 1997 r.
260 _aWarszawa :
_bWydaw. Prawnicze,
_c1997.
300 _a814, [2] s. ;
_c24 cm.
650 9 _aPostępowanie cywilne
_zPolska
_ystan na 1997 r.
700 1 _aGUDOWSKI, Jacek.
700 1 _aJĘDRZEJEWSKA, Maria.
020 _a8321907261 (t. 1)
040 _cBPK
041 0 _apl
080 _a347.91/.95(438)(094.5.07)
920 _a83-219-0726-1 (t. 1)
942 _cKS
008 s pl f |000 0 pol
999 _c33716
_d33716
856 _uhttp://koha.tu.koszalin.pl/cgi-bin/koha/opac-detail.pl?biblionumber=33716
_yKatalog online BPK